Исследование процессов очистки шахтных вод на установке "Комплекс": Отчет о НИР. Х/д 0-41/94; Ч. 1; Анализ работы очистных сооружений и экспериментальных данных

Bibliografiske detaljer
Institution som forfatter: Томский политехнический университет
Sprog:russisk
Udgivet: Томск, 1995
Fag:
Format: MixedMaterials Bog
KOHA link:https://koha.lib.tpu.ru/cgi-bin/koha/opac-detail.pl?biblionumber=11117

MARC

LEADER 00000nbm0a2200000 4500
001 11117
005 20231030183548.0
035 |a (RuTPU)RU\TPU\book\11188 
035 |a BOOK00011254 
090 |a 11117 
100 |a 20011209d1995 k y0rusy50 ca 
101 0 |a rus 
102 |a RU 
105 |a y p 000zy 
200 1 |a Исследование процессов очистки шахтных вод на установке "Комплекс"  |e Отчет о НИР. Х/д 0-41/94  |h Ч. 1  |i Анализ работы очистных сооружений и экспериментальных данных  |f Томский политехнический университет 
210 |a Томск  |d 1995 
215 |a 57 л. 
610 1 |a сточные воды 
610 1 |a шахтные воды 
610 1 |a очистка 
610 1 |a аэрирование 
610 1 |a отстаивание 
610 1 |a фильтрация 
610 1 |a хлорирование 
610 1 |a озонирование 
610 1 |a результаты экспериментов 
610 1 |a дисперсный анализ 
610 1 |a степень 
610 1 |a отчеты о НИР 
675 |a 622.333.012.2(04)  |v 3 
712 0 2 |a Томский политехнический университет  |2 stltpush  |3 (RuTPU)RU\TPU\col\376 
801 0 |a RU  |b 63413507  |c 20011209  |g PSBO 
801 2 |a RU  |b 63413507  |c 20130827  |g PSBO 
942 |c BK